Łańcuch dla poliglotów - Statystyki

Ogólne statystyki
  • Ten quiz został rozwiązany 18 razy
  • Średni wynik to 8 z 20
Statystyki odpowiedzi
Język Polski Tłumaczenie % Poprawnych
angielski okno window
100%
angielski klucz key
88%
angielski gazeta newspaper
88%
angielski tak yes
88%
angielski parasol umbrella
76%
francuski czerwony rouge
47%
angielski środowisko environment
41%
hiszpański cukier azúcar
29%
francuski woda eau
29%
hiszpański student estudiante
29%
niemiecki plecak Rucksack
29%
francuski bez sans
24%
hiszpański zawsze siempre
24%
hiszpański bez sin
24%
francuski król roi
12%
niemiecki dalej weiter
12%
niemiecki małpa Affe
6%
niemiecki obok neben
6%
niemiecki cokolwiek irgendwas
0%
hiszpański karta tarjeta
0%
Nie znaleziono quizów pasujących do podanych kryteriów
Rozkład punktacji
Procent ludzi z każdym wynikiem
Percentyl według liczby udzielonych odpowiedzi
Twoja historia wyników
Nie rozwiązałeś tego quizu